| 000 | 00000nam 2200000za 4500 |
| 001 | 9.582438 |
| 003 | CaOODSP |
| 005 | 20250115135812 |
| 007 | cr ||||||||||| |
| 008 | 150406s2005 xxc|||||o f|0| 0 fre d |
| 020 | |a0-662-69494-5 |
| 040 | |aCaOODSP|bfre |
| 041 | |aeng |
| 041 | |afre |
| 043 | |an-cn--- |
| 086 | 1 |aS52-2/261-PDF |
| 110 | 1 |aCanada.|bTravaux publics et Services gouvernementaux Canada.|bBureau de la traduction. |
| 245 | 10|aLexique de Sport Canada |h[ressource électronique] / |c[par] Elizabeth Fragua en collaboration avec Lorraine Beaudet [...] et al. |
| 260 | |aOttawa : |bTravaux publics et Services gouvernementaux Canada, |c2005. |
| 300 | |a190 p. |
| 490 | 1 |aBulletin de terminologie ; |vN° 261 |
| 500 | |a«...comprend 1 340 entrées qui regroupent la terminologie propre aux activités administratives et opérationnelles du domaine. Il contient les appellations officielles et le vocabulaire courant à usage à Sport Canada...» -- Introd. |
| 504 | |aBibliographie. |
| 590 | |a07-04-Supp|b2007-06-29 |
| 691 | 07|aTerminologie|2gcpds |
| 691 | 07|aSport|2gcpds |
| 700 | 1 |aFragua, Elizabeth. |
| 700 | 1 |aBeaudet, Lorraine. |
| 791 | |tSport Canada glossary |eeng|w(CaOODSP)9.582437 |
| 830 | #0|aBulletin de terminologie ;|vN° 261|w(CaOODSP)9.500140 |
| 856 | 40|ahttp://publications.gc.ca|qPDF|s992 Ko|uhttps://publications.gc.ca/collections/Collection/S52-2-261.pdf|yN° 261 |